00289 a2200109 4500001000700000020000600007040001100013100002700024240006200051245005700113362000900170158525 a  cMagnum aGraham-Campbell, James10aGrandes imperios e civilizacoes: os viquingues - v.1lpor10aGrandes imperios e civilizacoes: os viquingues - v.10 a1899